000 01010cam a22003257a 4500
003 CHAP
005 20220817043011.0
008 971013s1970 r 00010 d
010 _a62392
011 _a63364
035 _a67540
040 _cCHAP
082 _a338.17
_bF44 v.48
110 _aFAO
245 1 3 _aLa economía mundial de los cueros, pieles, curtidos y calzados
260 _aRoma :
_bFAO,
_c1970
300 _a130 p. ilus.
490 0 _aFAO. Serie sobre productos
_v; 48
590 _aBATCH-UPD
_b10
_c20130110
_lUCH01
_h0831
590 _aCONVERSION
_b10
_c20130109
_lUCH01
_h1333
650 1 4 _aCuero
_xIndustria.
_930103
650 1 4 _aCuero
_xMercadeo.
_930104
650 1 4 _aCurtido.
_930716
650 1 4 _aPieles
_xMercadeo.
_988008
830 0 _aFAO. Serie sobre productos
_v; 48
_939695
901 _aBK
942 _cLIBRO
949 _a338.17 F44 v.48
_bBC
_cFAO
_d33724000684668
_eFAO1
_h33122
_i67540
_sb
949 _a338.17 F44 v.48
_bBC
_cFAO
_d33724000684676
_eFAO2
_fc.2
_h33123
_i67540
_sb
999 _c62392
_d62392